Dictionnaire usuel d'Histoire et de Géographie publié par Ch. Louandre. Seconde édition revue et augmentée d'un supplement

Spremljeno u:
Bibliografski detalji
Glavni autor: Louandre, Charles Léopold (autor)
Format: Knjiga
Jezik:francuski
Izdano: París Paul Dupont 1860
Izdanje:2a. ed
Serija:Bibliotheèque des campagnes
Teme:
Oznake: Dodaj oznaku
Bez oznaka, Budi prvi tko označuje ovaj zapis!

MARC

LEADER 00000nam a2200000 a 4500
001 UCJ5927
003 CL-VaPUC
008 070124e18600000FR |||||||||||||||||fre|d
082 0 4 |a 918  |b LOU  |2 21 
100 |a Louandre, Charles Léopold   |e autor  |9 511907 
245 1 0 |a Dictionnaire usuel d'Histoire et de Géographie publié par Ch. Louandre. Seconde édition revue et augmentée d'un supplement 
250 |a 2a. ed 
300 |a 532 p 
942 |c BK 
945 |d 20070124 00:00:00  |a rinostro 
260 |a París  |b Paul Dupont  |c 1860 
500 |a Empastado en un mismo volumen con el Dictionnaire usuel des Sciences, del mismo autor. Ubicado en 503 LOU 
650 0 |a Geografía  |9 259346 
650 0 |a Historia  |9 255047 
650 7 |a DICCIONARIO  |2 CL-VaPUC  |9 511908 
650 7 |a MARCA TIPOGRAFICA  |2 CL-VaPUC  |9 506100 
583 |a last modification  |c 20070124 00:00:00  |k Rodrigo Vera 
490 0 |a Bibliotheèque des campagnes 
999 |c 322035  |d 322033 
952 |0 0  |1 0  |4 0  |6 918_000000000000000_LOU_1860  |7 0  |8 X  |9 400944  |a FDOBUD  |b FDOBUD  |d 2019-11-22  |i 1041606  |o 918 LOU 1860  |p 1041606  |r 2019-11-22  |w 2019-11-22  |y BK_X  |k BUD